| 000 | 00569nam a2200181 i 4500 | ||
|---|---|---|---|
| 001 | 81284 | ||
| 003 | ES-MaACL | ||
| 005 | 20231227173104.0 | ||
| 007 | t| | ||
| 008 | 041103s1963 sp ||||1| spa d | ||
| 100 | 1 |
_aHume, K. J. _964725 |
|
| 245 | 1 | 0 |
_aMetrología industrial / _cpor K.J. Hume ; versión española de Ricardo de la Cierva y de Hoces. |
| 260 |
_a[Madrid] : _bRiver, _c[1963] |
||
| 300 |
_a371 p., 87 lám. : _bil. ; _c22 cm. |
||
| 700 | 1 |
_aCierva, Ricardo de la, _d1926-2015 _938790 |
|
| 852 |
_aES-MaACL _jC-23304 _bR.51899 |
||
| 999 |
_c81284 _d81284 |
||